| 000 | 00418nam a22001217a 4500 | ||
|---|---|---|---|
| 008 | 230629b xxu||||| |||| 00| 0 eng d | ||
| 082 |
_a333.7 _bNEMA |
||
| 100 | _cNEMA | ||
| 245 |
_aThe Republic of Kenya _bThe Third National Report to the Conference of the PArties to the Convention on Biological Diversity on the Implementation of the Convention |
||
| 260 |
_aKenya _bNEMA _cDec 2005 |
||
| 300 | _a133p | ||
| 942 |
_2ddc _cBK |
||
| 999 |
_c2975 _d2975 |
||